5HLuxD.jpg

KING HENRY VIII SENIOR AND PRIMARY SCHOOL LIBRARY OPAC

Commotion in the ocean / (Record no. 4745)

000 -LEADER
fixed length control field 00544cam a2200169 a 4500
008 - FIXED-LENGTH DATA ELEMENTS--GENERAL INFORMATION
fixed length control field 040628s1999 enka b 000 0 eng d
020 ## - INTERNATIONAL STANDARD BOOK NUMBER
International Standard Book Number 9781841211015
Qualifying information (pbk.) :
Terms of availability NT384
020 ## - INTERNATIONAL STANDARD BOOK NUMBER
International Standard Book Number 184121101X
Qualifying information (pbk.) :
Terms of availability NT384
082 04 - DEWEY DECIMAL CLASSIFICATION NUMBER
Classification number 821 AND
Edition number 23
100 1# - MAIN ENTRY--PERSONAL NAME
Personal name Andreae, Giles,
Dates associated with a name 1966-
245 10 - TITLE STATEMENT
Title Commotion in the ocean /
Statement of responsibility, etc. Giles Andreae ; illustrated by David Wojtowycz.
260 ## - PUBLICATION, DISTRIBUTION, ETC.
Place of publication, distribution, etc. London :
Name of publisher, distributor, etc. Orchard Books,
Date of publication, distribution, etc. 1999.
300 ## - PHYSICAL DESCRIPTION
Extent [32] p. :
Other physical details col. ill. ;
Dimensions 31 cm.
500 ## - GENERAL NOTE
General note Originally published: 1998.
942 ## - ADDED ENTRY ELEMENTS (KOHA)
Source of classification or shelving scheme
Holdings
Withdrawn status Lost status Source of classification or shelving scheme Damaged status Not for loan Collection code Permanent Location Current Location Shelving location Date acquired Total Checkouts Full call number Barcode Date due Date last seen Date last checked out Price effective from Koha item type Public note
          Non-Fiction KH8 Primary School Library KH8 Primary School Library Fiction 2025-03-13 7 821 AND KHPL000006562 2026-04-21 2026-04-13 2026-04-13 2025-03-13 Books - Non Ficton KH8 PRIMARY LIBRARY

Powered By KH8 IT Dept